Catéchisme du Diocése de Tours, imprimé par ordre de l'illustrissime et révérendissime archêveque Mgr. de Monteblanc, pair de France, pour être seul, enseignê dans son procèse

Detalles Bibliográficos
Otros Autores: Monteblanc, arz
Formato: Libro
Lenguaje:French
Publicado: a Tours: chez Mame, imprimeur de Mgr. l'archêveque et du clergé, 1828.
Materias:
Colección:Banco de datos
Acervo:Fondo Bibliográfico Antiguo del Archivo Municipal de Orizaba
Descripción Física:180 p. ; 8°
Tema general:Catequética
Notas:Portada tipográfica con escudo episcopal en grabado calcográfico. Texto a renglón seguido con paginación en números arábigos. Encuadernación en cartón con lomo en piel. Ex libris manuscrito en la portada: "Don Juan [...]". Sello en tinta del Archivo Municipal de Orizaba, Veracruz. Daños de humedad, polilla, y en la encuadernación
LEADER 00964nam a22001690004500
035 |a 1492 
041 0 |a fre 
245 1 0 |a Catéchisme du Diocése de Tours, imprimé par ordre de l'illustrissime et révérendissime archêveque Mgr. de Monteblanc, pair de France, pour être seul, enseignê dans son procèse  
260 |a a Tours: chez Mame, imprimeur de Mgr. l'archêveque et du clergé, 1828. 
300 |a 180 p. ; 8° 
500 |a Portada tipográfica con escudo episcopal en grabado calcográfico. Texto a renglón seguido con paginación en números arábigos. Encuadernación en cartón con lomo en piel. Ex libris manuscrito en la portada: "Don Juan [...]". Sello en tinta del Archivo Municipal de Orizaba, Veracruz. Daños de humedad, polilla, y en la encuadernación 
650 1 0 |a Catequética 
700 1 |a Monteblanc, arz. 
949 |a 3141 
942 |c ORIZABA 
943 |g Fondo Bibliográfico Antiguo del Archivo Municipal de Orizaba 
999 |c 1103442  |d 1103442